000 00783nam a22002297a 4500
003 UA-OsUOA
001 118670
007 ta
008 20160912b un ||||| |||| 00| 0 ukr d
100 _aТерюханова І.
700 _aТимошек Т.
090 _a330(477)
_bТ35
942 _cSA
040 _aUA-OsUOA
_bukr
_cUA-OsUOA
_dUA-OsUOA
245 _aВирішення проблем працевлаштування внутрішньо переміщених осіб в Україні з урахуванням зарубіжного досвіду
300 _aС.52-59
955 _a0
041 _aukr
080 _a330(477)
773 0 _w118662
_tУкраїна: аспекти праці
_dК.
_d2016
_g6
650 7 _a330 Економіка взагалі
_2UDC
999 _c404827
_d404827